Od taktického k strategickému plánovaniu v sales promotion

Nové možnosti podpory predaja. Postupné kriky plánovania podpory predaja. Výdavky na podporu predaja v USA v 90-tych rokoch. Ciele podpory predaja. Výhody a nevýhody. Profesionalizácia práce. Prognózy využívania metód podpory predaja.

Uložené v:
Podrobná bibliografia
Hlavný autor: Marko, M.
Médium: Kapitola
Jazyk:Slovak
Predmet:
Tagy: Pridať tag
Žiadne tagy, Buďte prvý, kto otaguje tento záznam!

MARC

LEADER 00000naa a2200000 4500
001 r026071
005 20230922094434.0
041 0 |a slo 
044 |a SK 
245 1 0 |a Od taktického k strategickému plánovaniu v sales promotion  |c M. Marko 
520 |a Nové možnosti podpory predaja. Postupné kriky plánovania podpory predaja. Výdavky na podporu predaja v USA v 90-tych rokoch. Ciele podpory predaja. Výhody a nevýhody. Profesionalizácia práce. Prognózy využívania metód podpory predaja. 
610 2 0 |a podpora predaja 
610 2 0 |a marketing 
610 2 0 |a výdavky 
610 2 0 |a USA 
610 2 0 |a Slovensko 
100 1 |a Marko, M.